Los españoles en Méjico (Record no. 154990)
[ view plain ]
| 000 -LEADER | |
|---|---|
| campo de control de longitud fija | 01399nam a22002415i 4500 |
| 001 - NÚMERO DE CONTROL | |
| campo de control | 154990 |
| 003 - IDENTIFICADOR DE NÚMERO DE CONTROL | |
| campo de control | ES-MaACL |
| 005 - FECHA Y HORA DE LA ÚLTIMA TRANSACCIÓN | |
| campo de control | 20251115063310.0 |
| 008 - DATOS DE LONGITUD FIJA--INFORMACIÓN GENERAL | |
| campo de control de longitud fija | 020227s1862 sp |||| | spa d |
| 040 ## - FUENTE DE CATALOGACIÓN | |
| Centro catalogador/agencia de origen | CAM |
| Lengua de catalogación | spa |
| Centro/agencia transcriptor | CAM |
| 100 1# - ENTRADA PRINCIPAL--NOMBRE DE PERSONA | |
| Nombre de persona | Gutiérrez de Alba, José María, |
| Fechas asociadas al nombre | 1822-1897 |
| 9 (RLIN) | 127661 |
| 245 14 - MENCIÓN DEL TÍTULO | |
| Título | Los españoles en Méjico |
| Resto del título | : drama original, en tres actos y en verso / |
| Mención de responsabilidad, etc. | por José María Gutierrez de Alba. |
| 260 ## - PUBLICACIÓN, DISTRIBUCIÓN, ETC. | |
| Lugar de publicación, distribución, etc. | Madrid : |
| Nombre del editor, distribuidor, etc. | [s.n.], |
| Fecha de publicación, distribución, etc. | 1862 ( |
| Fabricante | Imprenta de José Rodriguez) |
| 300 ## - DESCRIPCIÓN FÍSICA | |
| Extensión | 63 p. ; |
| Dimensiones | 20 cm. |
| 490 1# - MENCIÓN DE SERIE | |
| Mención de serie | El Teatro: Colección de obras dramáticas y líricas |
| 500 ## - NOTA GENERAL | |
| Nota general | Representado por primera vez en Madrid, en el teatro de Novedades en 31 de enro de 1862, en celebridad de la entrada de las tropas españolas en Veracruz. |
| 596 ## - NOTA AL PIE DE IMPRENTA | |
| NOTA AL PIE DE IMPRENTA | En verso de port. consta: "... Alonso Gullon, editor de la coleccion de obras dramáticas y líricas titulada El Teatro ..." |
| 598 ## - NOTA LOCAL | |
| Nota local | Serie tomada de la cub. |
| 830 03 - PUNTO DE ACCESO ADICIONAL DE SERIE-TÍTULO UNIFORME | |
| Título uniforme | El teatro: colección de obras dramática y líricas |
| 9 (RLIN) | 221753 |
| 852 ## - LOCALIZACIÓN | |
| Ubicación | ES-MaACL |
| Número de control de estantería | F-8550(4) |
| Nota libre | -- Enc. pasta española |
| -- | -- Firma ms. de Gustavo Sáenz Díez, 1877 |
| -- | -- Enc. en un vol. facticio, formando parte de la col. facticia "Teatro español moderno", vol. 2 |
| 852 ## - LOCALIZACIÓN | |
| Ubicación | ES-MaACL |
| Número de control de estantería | D-2490(7) |
| Nota libre | -- Enc. hol., conservando la cub. original |
| -- | -- Enc. en un vol. facticio |
| -- | .- Legado M. de la Fuente |
| Estatus retirado | Estado de pérdida | Estado de daño | No para préstamo | Colección | Biblioteca de origen | Biblioteca actual | Ubicación en estantería | Fecha de adquisición | Total de préstamos | Signatura topográfica completa | Código de barras | Visto por última vez | Precio de reemplazo | Tipo de ítem Koha |
|---|---|---|---|---|---|---|---|---|---|---|---|---|---|---|
| Libros del s. XIX | Biblioteca del Ateneo de Madrid | Biblioteca del Ateneo de Madrid | Sala Valle Inclán | 17/01/2008 | D-2490(7) | 901162126 | 23/02/2023 | 23/02/2023 | Libro impreso antiguo | |||||
| Libros del s. XIX | Biblioteca del Ateneo de Madrid | Biblioteca del Ateneo de Madrid | Sala Pecera Planta 2 | 17/01/2008 | F-8550(4) | 1162125 | 23/02/2023 | 23/02/2023 | Libro impreso antiguo |
